000 03412cam a22012494i 4500
003 PE-LiUPU
005 20250813185341.0
008 050607s2005 mx a g b 000 0 spa d
020 _a9702605806
020 _a9789702605805
035 _a(Sirsi) i9789702605805
040 _aBNMEX
_bspa
_cBNMEX
_dOCLCQ
_dPE-LiUPU
_erda
049 _aPRUA
082 0 4 _a371.39
_bP58
100 1 _aPimienta Prieto, Julio Herminio,
_eautor.
245 1 0 _aMetodología constructivista :
_bGuía para la planeación docente /
_cJulio Herminio Pimienta Prieto.
250 _aPrimera edición.
264 1 _aNaucalpan, Estado de México :
_bPearson Educación de México,
_c2005.
300 _aix, 164 páginas :
_bilustraciones ;
_c27 centímetros.
336 _atext
_2rdacontent
337 _aunmediated
_2rdamedia
338 _avolume
_2rdacarrier
504 _aBibliografía: páginas [163]-164.
505 0 _aFundamentos: fundamento filosóficos -- Fundamentos Psicopedagógicos -- Metodología constructivista para la planeación de la enseñanza (MECPE) -- Ejemplos de Planeación utilizando la metodología constructivista para la enseñanza -- Estrategias de aprendizaje.
526 _aP202
526 _aP201
526 _aP163
526 _aP162
526 _aP161
526 _aP160
526 _aP148
526 _aP147
526 _aP146
526 _aP145
526 _aP144
526 _aP143
526 _aP142
526 _aP141
526 _aP140
526 _aP139
526 _aP138
526 _aP137
526 _aP136
526 _aP135
526 _aP134
526 _aP133
526 _aP129
526 _aP128
526 _aP127
526 _aP120
526 _aP119
526 _aP118
526 _aP116
526 _aP115
526 _aP114
526 _aP110
526 _aP109
526 _aP108
526 _aP104
526 _aP103
526 _aP102
526 _aP99
526 _aP98
526 _aP97
526 _aP96
526 _aP95
526 _aP93
526 _aP90
526 _aP89
526 _aP88
526 _aP83
526 _aP82
526 _aP62
526 _aP59
526 _aP58
526 _aP57
526 _aP51
526 _aP49
526 _aP48
526 _aP47
526 _aP29
526 _aP24
526 _aP20
526 _aP19
526 _aP17
526 _aP15
526 _aP14
526 _aP12
526 _aP10
526 _aP09
526 _aP08
526 _aP07
526 _aP06
526 _aP05
526 _aP04
526 _aP01
650 1 8 _aMaestros, Formación de.
650 2 8 _aPlaneación de lecciones.
910 _btqv
_crmch
_d20170111
942 _2ddc
_cBOOK
949 _a371.39 P58
_wDEWEY
_c1
_iFJ05173
_lCCODEBUJ1
_mBUJ
_p30.00
_r0
_sY
_tBOOK
_u2017-01-11
_xBIBLIOTECA
_0COMPRA
_o.STAFF. Colección General Juliaca
994 _aC0
_bPEPRU
596 _a1
999 _a371.39 P58
_wDEWEY
_c14728
_iFJ05173
_f2022-1-18
_g3
_lCCODEBUJ1
_mBUL
_p30.00
_r0
_sY
_tBOOK
_u2017-1-11
_xBIBLIOTECA
_0COMPRA
_o.STAFF. Colección General Juliaca
_d14728
999 _a371.39 P58
_wDEWEY
_c2
_i58353
_d2018-5-29
_f2021-11-8
_g4
_lCCODEBUL1
_mBUL
_p30.00
_q1
_r0
_sN
_tBOOK
_u2018-2-15
_xEDUCACION
_PP20
_0COMPRA
_o.STAFF. Colección General
980 _81
_gALBERTO SANCHEZ Responsable de Automatización